Biện pháp quản lý hoạt động tự học của sinh viên trường Cao Đẳng Cộng nghệ Đại học Đà Nẵng
Cơ sở lý luận về hoạt động tự học và quản lý hoạt động tự học của sinh viên. Thực trạng hoạt động tự học và quản lý hoạt động tự học của sinh viên trường Cao đẳng công nghệ. Biện pháp quản lý hoạt động tự học của sinh viên trường Cao đẳng Công nghệ....
में बचाया:
| मुख्य लेखक: | |
|---|---|
| अन्य लेखक: | |
| स्वरूप: | पुस्तक |
| भाषा: | Vietnamese |
| प्रकाशित: |
Đà Nẵng
Đại học Đà Nẵng
2008
|
| विषय: | |
| टैग : |
टैग जोड़ें
कोई टैग नहीं, इस रिकॉर्ड को टैग करने वाले पहले व्यक्ति बनें!
|
| Thư viện lưu trữ: | Mạng thư viện Đại học Đà Nẵng |
|---|
| LEADER | 01778nam a2200349 4500 | ||
|---|---|---|---|
| 001 | 000010706 | ||
| 003 | 6918 | ||
| 005 | 20111219141241.0 | ||
| 008 | 111219s2008 viesd | ||
| 041 | |a vie | ||
| 072 | |a Luận văn Thạc sĩ khoa học giáo dục | ||
| 082 | |a 378.16 |b NG-T | ||
| 100 | 1 | |a Nguyễn Hữu Thành | |
| 245 | 1 | |a Biện pháp quản lý hoạt động tự học của sinh viên trường Cao Đẳng Cộng nghệ Đại học Đà Nẵng |c Nguyễn Hữu Thành | |
| 260 | |a Đà Nẵng |b Đại học Đà Nẵng |c 2008 | ||
| 300 | |a 100 tr. |c 29 cm |e 1 tóm tắt | ||
| 500 | |a Luận văn Thạc sĩ Khoa học giáo dục. Chuyên ngành: Quản lý giáo dục. Mã số: 60.14.05 | ||
| 520 | |a Cơ sở lý luận về hoạt động tự học và quản lý hoạt động tự học của sinh viên. Thực trạng hoạt động tự học và quản lý hoạt động tự học của sinh viên trường Cao đẳng công nghệ. Biện pháp quản lý hoạt động tự học của sinh viên trường Cao đẳng Công nghệ. | ||
| 653 | |a Đặt điểm tự học của sinh viên | ||
| 653 | |a Luận văn Thạc sĩ Khoa học giáo dục | ||
| 653 | |a Trường Cao đẳng Công nghệ | ||
| 700 | 1 | |a Trần Kiểm |c PGS.TS |e Hướng dẫn | |
| OWN | |a LSP | ||
| AVA | |a UDN50 |b LSP |d 378.16 NG-T |e available |t Error 5001 Not defined in file expand_doc_bib_avail. |f 1 |g 0 |h N |i 0 |k 1 | ||
| 999 | |a From the UDN01 | ||
| AVA | |a UDN50 |b LSP |d 378.16 NG-T |e available |t Error 5001 Not defined in file expand_doc_bib_avail. |f 1 |g 0 |h N |i 0 |k 1 | ||
| TYP | |a Monograph | ||
| TYP | |a Printed language | ||
| 980 | |a Mạng thư viện Đại học Đà Nẵng | ||